| 000 | nam a22 7a 4500 | ||
|---|---|---|---|
| 999 |
_c2352 _d2352 |
||
| 005 | 20170516104358.0 | ||
| 008 | 170516b1980 ny ||||| |||| 00| 0 eng d | ||
| 020 | _a0278457614 | ||
| 040 | _aAKMAL | ||
| 082 | _a417.4 NEL | ||
| 090 |
_a417.4 _bNEL |
||
| 100 | 2 |
_aNelson-Herber, Joan _94887 |
|
| 245 | 1 | 0 |
_aMeeting challenges / _c[author, Joan Nelson ; senior consultant, Harold L. Herber, consultants, Doris Taylor, Donna Alvermann]. |
| 260 |
_aNew York : _bAmerican Book Co., _cc1980 |
||
| 300 |
_a 512 p. _bill. (some col.) ; _c24cm |
||
| 490 | 0 | _aAmerican readers ; 8 | |
| 504 | _aIncludes bibliographies. | ||
| 520 | _aA reading textbook containing stories, articles, poems, and selections from novels followed by questions and activities. | ||
| 650 | 0 |
_aReaders (Elementary) _94888 |
|
| 650 | 1 |
_a Readers. _94881 |
|
| 942 |
_2ddc _cBOOK |
||